Pennsylvania Counties Without Map - Statistics

General Stats
  • This quiz has been taken 12 times
  • The average score is 57 of 67
Answer Stats
Population County % Correct
1,228,177 Allegheny
100%
47,513 Bedford
100%
547, 840 Chester
100%
269,052 Erie
100%
867,573 Montgomery
100%
1,579,706 Philadelphia
100%
210,042 Washington
100%
25,967 Wyoming
100%
462, 924 York
100%
106,115 Adams
90%
59,858 Bradford
90%
647, 461 Bucks
90%
158,576 Centre
90%
37,798 Clinton
90%
268,323 Cumberland
90%
289,593 Dauphin
90%
579, 222 Delaware
90%
6,715 Forest
90%
157,379 Franklin
90%
43,864 Jefferson
90%
557, 931 Lancaster
90%
378,792 Lehigh
90%
327,675 Luzerne
90%
46,041 Mifflin
90%
167,515 Monroe
90%
318,580 Northampton
90%
90,560 Northumberland
90%
16,188 Potter
90%
143,558 Schuylkill
90%
5,888 Sullivan
90%
38,219 Susquehanna
90%
37,920 Warren
90%
166,324 Beaver
80%
433, 015 Berks
80%
121,277 Blair
80%
131,538 Cambria
80%
4,427 Cameron
80%
65,382 Carbon
80%
37,179 Clarion
80%
78,635 Clearfield
80%
82,716 Crawford
80%
30,506 Elk
80%
125,997 Fayette
80%
14,351 Fulton
80%
34,835 Greene
80%
43,653 Huntingdon
80%
23,379 Juniata
80%
216,146 Lackawanna
80%
144,186 Lebanon
80%
113,489 Lycoming
80%
39,904 McKean
80%
109,257 Mercer
80%
46,239 Perry
80%
60,621 Pike
80%
39,668 Snyder
80%
72,799 Somerset
80%
40,945 Tioga
80%
42,456 Union
80%
49,801 Venango
80%
51,262 Wayne
80%
352,500 Westmoreland
80%
64,622 Armstrong
70%
197,254 Butler
70%
83,042 Indiana
70%
85,024 Lawrence
70%
18,103 Montour
70%
65,362 Columbia
60%
No matching quizzes found
Score Distribution
Percent of People with Each Score
Percentile by Number Answered
Your Score History
You have not taken this quiz